000 01051cam a2200325 a 4500
001 15236
003 BD-RjUL
005 20211208235757.0
008 140209s1997 enka b 001 0 eng d
020 _a041261510X
035 _a(BD-RjUL)15290
035 _a(OCoLC)36756692
040 _aDNAL
_cDNAL
_dIU
_dDLC
_dBD-RjUL
_beng
041 _aeng
082 0 0 _a636.0896968
_bWAV 1997
_221
100 1 _aWall, Richard,
_947366
245 1 0 _aVeterinary entomology :
_barthropod ectoparasites of veterinary importance /
_cRichard Wall and David Shearer.
250 _a1st ed.
260 _aLondon ;
_aNew York :
_bChapman & Hall,
_c1997.
300 _axiv, 439 p. :
_bill. ;
_c24 cm.
504 _aIncludes bibliographical references and index.
650 0 _aVeterinary entomology.
_938591
650 0 _aArthropod pests.
_947367
650 0 _aVeterinary parasitology.
_947368
650 0 _aEctoparasitic infestations.
_941506
700 1 _aShearer, David.
_947369
942 _2ddc
_cBK
999 _c15236
_d15236